Online
Catalog

La educación fuera de la escuela : (Record no. 24264)

MARC details
000 -CABECERA
campo de control de longitud fija 01198nam a2200325 a 4500
001 - NÚMERO DE CONTROL
campo de control 000024771
005 - FECHA Y HORA DE LA ÚLTIMA TRANSACCIÓN
campo de control 20250711124154.0
008 - DATOS DE LONGITUD FIJA--INFORMACIÓN GENERAL
campo de control de longitud fija 110203s1993 mx r 000 | spa d
020 ## - NÚMERO INTERNACIONAL ESTÁNDAR DEL LIBRO
Número Internacional Estándar del Libro 9686640770
040 ## - FUENTE DE LA CATALOGACIÓN
Centro catalogador/agencia de origen DO-SdBNP
Lengua de catalogación spa
Centro/agencia transcriptor BNPHU
082 ## - NÚMERO DE LA CLASIFICACIÓN DECIMAL DEWEY
Número de clasificación 370.19
Número de documento/Ítem T829e
049 ## - FONDOS LOCALES (OCLC)
Fondos de biblioteca BNGR
100 1# - ENTRADA PRINCIPAL--NOMBRE DE PERSONA
Nombre de persona Trilla Bernet, Jaume
9 (RLIN) 50842
245 13 - MENCIÓN DE TÍTULO
Título La educación fuera de la escuela :
Resto del título ámbitos no formales y educación social /
Mención de responsabilidad, etc. Jaume Trilla Bernet; colaboración Begoña Gros Salvat, Fernando López Palma, María Jesús Martín García.
260 ## - PUBLICACIÓN, DISTRIBUCIÓN, ETC.
Lugar de publicación, distribución, etc. México, D. F. :
Nombre del editor, distribuidor, etc. Editorial Ariel,
Fecha de publicación, distribución, etc. 1993.
300 ## - DESCRIPCIÓN FÍSICA
Extensión 276 p. ;
Dimensiones 21 cm.
490 1# - MENCIÓN DE SERIE
Mención de serie Ariel
504 ## - NOTA DE BIBLIOGRAFÍA, ETC.
Nota de bibliografía, etc. Incluye referencias bibliográficas : p. 251-270
500 ## - NOTA GENERAL
Nota general Incluye notas : p. 227-250
650 #4 - PUNTO DE ACCESO ADICIONAL DE MATERIA--TÉRMINO DE MATERIA
Término de materia o nombre geográfico como elemento de entrada Educación comunitaria
9 (RLIN) 50843
650 #4 - PUNTO DE ACCESO ADICIONAL DE MATERIA--TÉRMINO DE MATERIA
Término de materia o nombre geográfico como elemento de entrada Educación no formal
9 (RLIN) 50844
650 #0 - PUNTO DE ACCESO ADICIONAL DE MATERIA--TÉRMINO DE MATERIA
Término de materia o nombre geográfico como elemento de entrada Planificación educativa
9 (RLIN) 17484
650 #4 - PUNTO DE ACCESO ADICIONAL DE MATERIA--TÉRMINO DE MATERIA
Término de materia o nombre geográfico como elemento de entrada Universidad a distancia
9 (RLIN) 34221
650 #4 - PUNTO DE ACCESO ADICIONAL DE MATERIA--TÉRMINO DE MATERIA
Término de materia o nombre geográfico como elemento de entrada Educación abierta
9 (RLIN) 50845
700 1# - PUNTO DE ACCESO ADICIONAL--NOMBRE DE PERSONA
Nombre de persona Torner , Florentino M.
Término indicativo de función/relación tr.
9 (RLIN) 50846
700 1# - PUNTO DE ACCESO ADICIONAL--NOMBRE DE PERSONA
Nombre de persona Gros Salvat, Begoña
9 (RLIN) 50847
700 1# - PUNTO DE ACCESO ADICIONAL--NOMBRE DE PERSONA
Nombre de persona López Palma, Fernando
9 (RLIN) 50848
700 1# - PUNTO DE ACCESO ADICIONAL--NOMBRE DE PERSONA
Nombre de persona Martín García, María Jesús
9 (RLIN) 50849
830 #0 - PUNTO DE ACCESO ADICIONAL DE SERIE-TÍTULO UNIFORME
Título uniforme Ariel
9 (RLIN) 33302
Holdings
Estado de retiro Estado de pérdida Restricciones de uso No para préstamo Código de colección Localización permanente Ubicación/localización actual Ubicación en estantería Fecha de adquisición Número de inventario Total de préstamos Signatura topográfica completa Código de barras Fecha visto por última vez Precio válido a partir de Tipo de ítem Koha
        Monografías: Libros y Folletos General General En catalogación 03.02.2011 LF1   370.19 T829e 24771-10 25.06.2020 25.06.2020 Préstamo en sala

Powered by Koha